000 00399nam a2200169Ia 4500
003 0STCL
008 150530s9999 xx 000 0 und d
040 _aSTCL
_cSTCL
100 _aVarghese, T.M.; Grover, R.K.
245 _aPrinciples of biology
250 _aSecond
260 _bToday and Tomarrow
_c1969
546 _aEnglish
942 _2ddc
_cBK
999 _c36329
_d36329
005 20220125170401.0